Spatial economics for building back better: (Record no. 700)
[ view plain ]
| 000 -LEADER | |
|---|---|
| fixed length control field | 00540nam a22001817a 4500 |
| 003 - CONTROL NUMBER IDENTIFIER | |
| control field | BD-DhUIB |
| 005 - DATE AND TIME OF LATEST TRANSACTION | |
| control field | 20260517182455.0 |
| 008 - FIXED-LENGTH DATA ELEMENTS--GENERAL INFORMATION | |
| fixed length control field | 260517b |||||||| |||| 00| 0 eng d |
| 020 ## - INTERNATIONAL STANDARD BOOK NUMBER | |
| International Standard Book Number | 9789811649530 |
| 040 ## - CATALOGING SOURCE | |
| Original cataloging agency | BD-DhUIB |
| Transcribing agency | BD-DhUIB |
| 082 ## - DEWEY DECIMAL CLASSIFICATION NUMBER | |
| Edition number | 22 |
| 100 ## - MAIN ENTRY--PERSONAL NAME | |
| Personal name | Fujita, Masahisa. |
| 9 (RLIN) | 1114 |
| 245 ## - TITLE STATEMENT | |
| Title | Spatial economics for building back better: |
| Remainder of title | the Japanese experience/ |
| Statement of responsibility, etc. | by Masahisa Fujita,, Nobuaki Hamaguchi and Yoshihiro Kameyama. |
| 260 ## - PUBLICATION, DISTRIBUTION, ETC. | |
| Date of publication, distribution, etc. | c2021 |
| 300 ## - PHYSICAL DESCRIPTION | |
| Extent | xix, 329p. : |
| Other physical details | illus. ; |
| Dimensions | 21cm. |
| 526 ## - STUDY PROGRAM INFORMATION NOTE | |
| Program name | MBA |
| 942 ## - ADDED ENTRY ELEMENTS (KOHA) | |
| Source of classification or shelving scheme | Dewey Decimal Classification |
| Koha item type | Books |
| Withdrawn status | Lost status | Source of classification or shelving scheme | Damaged status | Not for loan | Collection code | Home library | Current library | Shelving location | Date acquired | Source of acquisition | Total Checkouts | Full call number | Barcode | Date last seen | Price effective from | Koha item type |
|---|---|---|---|---|---|---|---|---|---|---|---|---|---|---|---|---|
| Dewey Decimal Classification | Non-fiction | IBA Library | IBA Library | General Stacks | 05/10/2026 | Gift. | 330 | 00051724 | 05/17/2026 | 05/17/2026 | Books |
